000 00391nam a22001577a 4500
020 _a9789380358895
082 _a604.2 BHA
100 _aBhatt, N.D.
_910018
245 _aGeometrical and machine drawing
250 _a20th
260 _aIndia
_bCharotar
_c2014
300 _a408 P
650 _aGEOMETRICAL AND MACHINE DRAWING
_969586
700 _aPanchal, V. M.
_969587
942 _cBK
999 _c576809
_d576809